KOHA-Header-6

Pakistan Affairs (Record no. 7647)

000 -LEADER
fixed length control field 00257nam a2200109Ia 4500
100 ## - MAIN ENTRY--AUTHOR NAME
Personal name Gul Shahzad Sarwar
245 #0 - TITLE STATEMENT
Title Pakistan Affairs
260 ## - PUBLICATION, DISTRIBUTION, ETC. (IMPRINT)
Place of publication Karachi
Name of publisher Education
Year of publication 2002
300 ## - PHYSICAL DESCRIPTION
Number of Pages 512
942 ## - ADDED ENTRY ELEMENTS (KOHA)
Koha item type Books
Holdings
Withdrawn status Lost status Collection code Permanent Location Current Location Shelving location Date acquired Full call number Accession Number Koha item type
      MAJU MAJU   2019-09-12 005.713 1630 Pakistan Studies
      MAJU MAJU       008 Pakistan Studies

Powered by Koha